000 00539nam a2200181Ia 4500
008 151018s9999 xx 000 0 und d
082 _bRBASDV27281
_a891.464
100 _aबाळ सामंत
245 _aप्रेमगंध
250 _b1
260 _bपरचुरे प्रकाशन मुंबई
_c1996
300 _a384
600 _aबाळ सामंत
630 _aप्रेमगंध
700 _aबाळ सामंत
730 _aप्रेमगंध
942 _cBOOK
999 _c1026875
_d1026872